00417nam a2200133Ia 450000500170000000800410001702000180005808200180007610000480009424500580014226000270020030000120022765000440023920250416172356.0231217s9999 xx 000 0 und d a9788131419212 a372 MUK;1 R aMukherjee, Dedashree. Mukherjee, Ishita ed. 0aPrimary education : contemporary issue and experience c2008bIcfaiaHyderabad aix, 250 aeducation,contemporary,issue,experience